Expert en Chiffres romains ? - Statistiques

Statistiques générales
  • Ce quiz a été pris 235 fois
  • Le résultat moyen est 13 sur 20
Statistiques - réponses
Hint Réponse % Correct
69 LXIX
82%
84 LXXXIV
81%
14 XIV
80%
237 CCXXXVII
78%
115 CXV
78%
89 LXXXIX
78%
101 CI
77%
27 XXVII
76%
122 CXXII
75%
32 XXXII
75%
571 DLXXI
74%
506 DVI
74%
79 LXXIX
74%
356 CCCLVI
73%
312 CCCXII
73%
65 LXV
73%
134 CXXXIV
72%
77 LXXVII
72%
518 DXVIII
71%
555 DLV
70%
623 DCXXIII
69%
56 LVI
69%
1854 MDCCCLIV
69%
138 CXXXVIII
68%
387 CCCLXXXVII
67%
72 LXXII
67%
91 XCI
67%
97 XCVII
67%
173 CLXXIII
65%
678 DCLXXVIII
65%
284 CCLXXXIV
63%
1596 MDXCVI
63%
243 CCXLIII
62%
791 DCCXCI
62%
536 DXXXVI
62%
443 CDXLIII
61%
751 DCCLI
60%
1573 MDLXXIII
60%
1049 MXLIX
60%
47 XLVII
60%
688 DCLXXXVIII
59%
490 CDXC
58%
645 DCXLV
57%
593 DXCIII
57%
1483 MCDLXXXIII
56%
961 CMLXI
55%
846 DCCCXLVI
54%
1944 MCMXLIV
54%
873 DCCCLXXIII
53%
499 CDXCIX
39%
Aucun quiz correspondant
Distribution des résultats
% des personnes avec chaque résultat
Percentile par nombre de réponses
Votre historique - résultats
Vous n’avez pas pris ce quiz